|
|
|
|
| LEADER |
00000nam a2200000 a 4500 |
| 001 |
vtls001220955 |
| 003 |
SK-MaSNL |
| 005 |
20260301003110.0 |
| 008 |
130606s1995 xo 0 slo |
| 015 |
|
|
|a SNBJ1997/01-00012
|
| 035 |
|
|
|a SNK000165998
|
| 040 |
|
|
|a SNK
|b slo
|c SNK
|e AACR2
|
| 044 |
|
|
|a xo
|c SK
|
| 080 |
|
|
|a 784.4:785.14(086.7)
|2 1981
|
| 080 |
|
|
|a 785.14
|2 1981
|
| 080 |
|
|
|a 885.4-3
|2 1981
|
| 245 |
1 |
|
|a Gemer - Malohont
|h zvukový dokument
|b Stratená dolina a dolina Slanej
|n 2
|
| 260 |
|
|
|a Bratislava
|b Opus
|c 1996
|
| 300 |
|
|
|a 1 kompaktná platňa (71 min. 16 sek.)
|b stereo
|
| 505 |
0 |
|
|a Má 8 častí
|
| 511 |
1 |
|
|a Spievajú: Anna Macková, Mária Brdárska, Zuzana Jungerová, Zuzana Jungerová, Juraj Mlynár, Žofia Macková, Mária Poláková
|
| 511 |
1 |
|
|a Predspevuje: Ondrej Petrisko, Mária Brdárska, Anna Melišková
|
| 511 |
1 |
|
|a Účinkujú: Ivan Nemčok, Juraj Kováč, Peter Gecelovský, Miloš Varga, Viktor Teplický, Slavomír Labuzík
|
| 511 |
1 |
|
|a Pripravovatelia: Mária Brdárska, Ján Kuchár, Ján Garan Krišťák, Zuzana Tomášiková, Helena Lukáčová, Michal Molčan, Mária Kolesárová, Ján Matejzík, Juraj Kováč
|
| 511 |
1 |
|
|a Juraj Ďuraj, cimbal; Stanislav Gunár, harmonika
|
| 511 |
1 |
|
|a Hrajú: Ľudová hudba Jozefa Gono, Ľudová hudba Ondreja Žigu
|
| 650 |
0 |
7 |
|a ľudová hudba
|x piesne ľudové
|x platne kompaktné
|2 SNK
|9 283668
|
| 650 |
0 |
7 |
|a piesne ľudové
|x ľudová hudba
|x platne kompaktné
|2 SNK
|9 283888
|
| 655 |
|
7 |
|a kompaktné platne
|2 SNK
|9 70690
|
| 700 |
1 |
|
|a Macková, Anna
|4 roz
|9 268035
|
| 700 |
1 |
|
|a Brdárska, Mária,
|d 1937-
|4 roz
|4 upr
|9 43027
|
| 700 |
1 |
|
|a Jungerová, Zuzana,
|d 1928-
|4 roz
|9 39439
|
| 700 |
1 |
|
|a Jungerová, Zuzana,
|d 1934-
|4 roz
|9 39440
|
| 700 |
1 |
|
|a Mlynár, Juraj
|4 roz
|9 5277
|
| 700 |
1 |
|
|a Macková, Žofia
|4 roz
|9 45439
|
| 700 |
1 |
|
|a Poláková, Mária
|4 roz
|9 6149
|
| 700 |
1 |
|
|a Petrisko, Ondrej
|4 roz
|9 46278
|
| 700 |
1 |
|
|a Melišková, Anna
|4 roz
|9 12117
|
| 700 |
1 |
|
|a Ďuraj, Juraj
|4 uci
|9 43520
|
| 700 |
1 |
|
|a Gunár, Stanislav
|4 uci
|9 44042
|
| 700 |
1 |
|
|a Nemčok, Ivan
|4 uci
|9 45974
|
| 700 |
1 |
|
|a Kováč, Juraj,
|d 1945-
|4 uci
|9 214202
|
| 700 |
1 |
|
|a Gecelovský, Peter
|4 uci
|9 43871
|
| 700 |
1 |
|
|a Varga, Miloš
|4 uci
|9 12497
|
| 700 |
1 |
|
|a Teplický, Viktor
|4 uci
|9 47341
|
| 700 |
1 |
|
|a Labuzík, Slavomír
|4 uci
|9 45187
|
| 700 |
1 |
|
|a Kuchár, Ján
|4 upr
|9 5162
|
| 700 |
1 |
|
|a Krišťák, Ján Garan
|4 upr
|9 45035
|
| 700 |
1 |
|
|a Tomášiková, Zuzana
|4 upr
|9 10359
|
| 700 |
1 |
|
|a Lukáčová, Helena
|4 upr
|9 45402
|
| 700 |
1 |
|
|a Molčan, Michal
|4 upr
|9 45835
|
| 700 |
1 |
|
|a Kolesárová, Mária
|4 upr
|9 44884
|
| 700 |
1 |
|
|a Matejzík, Ján
|4 upr
|9 45609
|
| 700 |
1 |
|
|a Kováč, Juraj,
|d 1945-
|4 upr
|9 214202
|
| 710 |
0 |
|
|a Ľudová hudba Jozefa Gono Dobšiná, Slovensko
|4 uci
|9 283889
|
| 710 |
2 |
|
|a Ľudová hudba Ondreja Žigu
|4 uci
|9 32988
|
| 710 |
0 |
|
|a Ženská skupina Vyšná Slaná, Slovensko
|4 uci
|9 283890
|
| 710 |
0 |
|
|a Ženská skupina Dobšiná, Slovensko
|4 uci
|9 283891
|
| 710 |
0 |
|
|a Mužská skupina Dobšiná, Slovensko
|4 uci
|9 283892
|
| 710 |
0 |
|
|a Ženská skupina Rejdová, Slovensko
|4 uci
|9 283893
|
| 710 |
0 |
|
|a Mužská skupina Rejdová, Slovensko
|4 uci
|9 283894
|
| 710 |
0 |
|
|a Spevácka skupina Gočovo
|4 uci
|9 34557
|
| 710 |
0 |
|
|a Ženská skupina Kobeliarovo, Slovensko
|4 uci
|9 283895
|
| 710 |
0 |
|
|a Ženská skupina Gočovo, Slovensko
|4 uci
|9 283896
|
| 710 |
0 |
|
|a Mužská skupina Vlachovo, Slovensko
|4 uci
|9 283897
|
| 710 |
0 |
|
|a Ženská skupina Vlachovo, Slovensko
|4 uci
|9 283898
|
| 999 |
|
|
|c 538721
|d 540651
|
| 952 |
|
|
|t P60, <03>, [BOOK], {603}
|a SNK
|b SNK
|y PREZ
|7 0
|p 17A0007832
|o snkSCD 577/2
|i snkJK 292/96
|0 0
|1 0
|4 0
|d 1996-10-07
|l 0
|r 2005-01-01 00:00:00
|w 2026-02-23
|